000 00695nam a22002297a 4500
005 20180728135803.0
008 180728b xxu||||| |||| 00| 0 eng d
020 _a9780415780193
_cRs.895.00
040 _aLoreto College
041 _aEnglish
082 _a320.954
_bOLD
100 _aOldenburg,Philip
245 _aIndia,Pakistan and Democracy
_bSolving the puzzle of divergent paths
_cPhilip Oldenburg
260 _aOxon
_bRoutledge
_c2010
300 _ax,273p
_b22cm
504 _aIncludes bibliographical references and index
650 _aPolitics and government
_zIndia
650 _aDemocratization
_zIndia
650 _aDemocratization
_zPakistan
850 _aLCLIB
942 _cBK
999 _c41739
_d92218